| 000 | 01796nam a2200325 i 4500 | ||
|---|---|---|---|
| 999 |
_c30423 _d30423 |
||
| 003 | CUTN | ||
| 005 | 20190829103555.0 | ||
| 008 | 170112s2017 enka 001 0 eng d | ||
| 020 | _a9781292151106 | ||
| 020 | _a1292151102 | ||
| 041 | _aEnglish | ||
| 082 |
_a547 _bWAD |
||
| 100 | 1 | _aWade, Leroy G., | |
| 245 | 1 | 0 |
_aOrganic chemistry / _cLeroy G. Wade, Jr. ; contributing author, Jan William Simek |
| 250 | _a9th ed. / | ||
| 260 |
_bPearson Education Limited, _c2016. |
||
| 300 |
_a1394 pages : _billustrations ; _c28 cm |
||
| 500 | _aIncludes index. | ||
| 505 |
_t1. Structure and Bonding _t2. Acids and Bases: Functional Groups _t3. Structure and Stereochemistry of Alkanes _t4. The Study of Chemical Reactions _t5. Stereochemistry _t6. Alkyl Halides. Nucleophilic Substitution _t7. Structure and Synthesis of Alkenes; Elimination _t8: Reactions of Alkenes _t9. Alkynes _t10. Structure and Synthesis of Alcohols _t11. Reactions of Alcohols _t12. Infrared Spectroscopy and Mass Spectrometry _t13. Nuclear Magnetic Resonance Spectroscopy _t14. Ethers, Epoxides and Thioethers 15. Conjugated Systems, Orbital Symmetry, and Ultraviolet Spectroscopy 16. Aromatic Compounds 17. Reactions of Aromatic Compounds 18. Ketones and Aldehydes 19. Amines 20. Carboxylic Acids 21. Carboxylic Acid Derivatives 22. Condensations and Alpha Substitutions of Carbonyl Compounds 23. Carbohydrates and Nucleic Acids 24. Amino Acids, Peptides, and Proteins 25. Lipids 26. Polymers |
||
| 650 | 0 | _aChemistry, Organic | |
| 650 | 0 | _aChemistry, Organic | |
| 700 | 1 | _aSimek, Jan William, | |
| 942 |
_2ddc _cBOOKS |
||
| 100 | 1 |
_cJr., _d1947- _eauthor. |
|
| 250 | _bGlobal edition. | ||
| 650 | 0 | _vTextbooks. | |
| 650 | 0 | _vProblems, exercises, etc. | |
| 700 | 1 | _eauthor. | |